El Tasso (Record no. 172983)

MARC details
000 -LEADER
campo de control de longitud fija 00838nam a2200169 i 4500
001 - NÚMERO DE CONTROL
campo de control 172983
003 - IDENTIFICADOR DE NÚMERO DE CONTROL
campo de control ES-MaACL
005 - FECHA Y HORA DE LA ÚLTIMA TRANSACCIÓN
campo de control 20230906215110.0
008 - DATOS DE LONGITUD FIJA--INFORMACIÓN GENERAL
campo de control de longitud fija 091001s1873 sp |||| | spa d
080 ## - NÚMERO DE LA CLASIFICACIÓN DECIMAL UNIVERSAL
Número de la Clasificación Decimal Universal 821.134.2-23"18"
100 0# - ENTRADA PRINCIPAL--NOMBRE DE PERSONA
Nombre de persona Catalina, Mariano.
9 (RLIN) 37037
245 13 - MENCIÓN DEL TÍTULO
Título El Tasso
Resto del título : drama histórico en tres actos y en verso /
Mención de responsabilidad, etc. original de Mariano Catalina.
260 ## - PUBLICACIÓN, DISTRIBUCIÓN, ETC.
Lugar de publicación, distribución, etc. Madrid :
Nombre del editor, distribuidor, etc. [s.n.],
Fecha de publicación, distribución, etc. 1873 (
Fabricante Inpr. de Antonio Pérez Dubrull)
300 ## - DESCRIPCIÓN FÍSICA
Extensión 105 p. :
Otras características físicas ;
Dimensiones 18 cm.
500 ## - NOTA GENERAL
Nota general En port.: Estrenada ... en el teatro del Circo la noche del martes 18 de febrero de 1873...
852 1# - LOCALIZACIÓN
Ubicación BA
Número de control de estantería F-8601(1)
Nota libre Enc. pasta española
condición física .- Falto de la cub. original
Nota libre .- Enc. en un vol. facticio formando parte de la col. facticia "Teatro Español moderno", vol. 54
-- .- Legado Gustavo Sáenz Diez
-- .- Dedicatoria autógrafa del autor
Holdings
Estatus retirado Estado de pérdida Estado de daño No para préstamo Colección Biblioteca de origen Biblioteca actual Ubicación en estantería Fecha de adquisición Fuente de adquisición Total de préstamos Signatura topográfica completa Código de barras Visto por última vez Precio de reemplazo Tipo de ítem Koha
        Libros del s. XIX Biblioteca del Ateneo de Madrid Biblioteca del Ateneo de Madrid Sala Pecera Planta 2 01/10/2009     F-8601(1) 1181512 23/02/2023 23/02/2023 Libro impreso antiguo